000 00959njm a22002897a 4500
005 20100920153643.0
007 sd ammalaaahaa
008 100913t xxu||||| |||| 00| 0 hin d
028 _aBMLP. 2026
_bHis Master's Voice
035 _aGR-04145
040 _aSED/VEN
100 _919606
_aMangeshkar, Lata
245 _aYaadon ki manzil part 1 & 2 /
_h[sound recording] :
_cby Lata Mangeshkar
246 _aयादों की मंजिल (लता मंगेशकर)
260 _aDum Dum, India
_bHis Master's Voice
_c1987
300 _a1 sound disc [Gramophone record] :
_banalog, 33 1/3 rpm
_c12 in. (LP)
_fGramophone record
500 _aBrief record.
500 _aHis Master's Voice
500 _aOrange
505 _aAgar bewafa tujhko, Kajra Mohbbatwala
650 _aClassical Music
_xExcerpts
_zIndia
_919607
_vFilmi Song
700 _91184
700 _920675
700 _919643
700 _919690
942 _2ddc
_cGR
999 _c47090
_d47090